El otoño de la edad media: estudios sobre la forma de la vida y el espíritu durante los siglos XIV y XV en francia y en los países bajos
Uloženo v:
| Hlavní autor: | |
|---|---|
| Médium: | Kniha |
| Jazyk: | španělština |
| Vydáno: |
Madrid
Alianza
1984
|
| Vydání: | 6a. ed |
| Edice: | Alianza Universidad
|
| Témata: | |
| Tagy: |
Přidat tag
Žádné tagy, Buďte první, kdo vytvoří štítek k tomuto záznamu!
|
MARC
| LEADER | 00000nam a2200000 a 4500 | ||
|---|---|---|---|
| 001 | UCU9583 | ||
| 003 | CL-VaPUC | ||
| 008 | 960823e19840000SP |||||||||||||||||spa|d | ||
| 082 | 0 | 4 | |a 940.1 |b HUI |2 21 |
| 100 | |a Huizinga, Johan |e autor |9 590464 | ||
| 245 | 1 | 3 | |a El otoño de la edad media: estudios sobre la forma de la vida y el espíritu durante los siglos XIV y XV en francia y en los países bajos |
| 250 | |a 6a. ed | ||
| 300 | |a 468 p | ||
| 942 | |c BK | ||
| 945 | |d 19960823 00:00:00 |a nastorga | ||
| 260 | |a Madrid |b Alianza |c 1984 | ||
| 650 | 0 | |a Historia |9 255047 | |
| 650 | 0 | |a Costumbres y tradiciones |9 268292 | |
| 650 | 0 | |a Edad media |9 258041 | |
| 650 | 0 | |a Sociedad |9 307903 | |
| 650 | 0 | |a Civilización |9 255823 | |
| 650 | 0 | |a Arte medieval |9 267894 | |
| 650 | 0 | |a Vida social |9 337244 | |
| 650 | 0 | |a Política |9 255312 | |
| 650 | 0 | |a Religión |9 255164 | |
| 651 | 0 | |a Francia |9 255157 | |
| 651 | 0 | |a Holanda |9 267234 | |
| 583 | |a last modification |c 19960823 00:00:00 |k Rodrigo Vera | ||
| 490 | 0 | |a Alianza Universidad | |
| 999 | |c 251296 |d 251294 | ||
| 952 | |0 0 |1 0 |4 0 |6 940_100000000000000_HUI_1984 |7 0 |8 A |9 270360 |a BIBARQ |b BIBARQ |d 2019-11-19 |i 322273K |l 1 |o 940.1 HUI 1984 |p 322273K |r 2025-01-20 |s 2023-08-04 |w 2019-11-19 |y BK |k ARQ | ||